| 000 | 00487nam a2200193Ia 4500 | ||
|---|---|---|---|
| 005 | 20140403132105.0 | ||
| 008 | 140130s9999 xx 000 0 und d | ||
| 020 | _a0439814073 | ||
| 050 |
_aPZ 7 _b.C59118 2005 |
||
| 100 |
_aClements, Andrew _929116 |
||
| 245 |
_cAndrew Clements. _aThe School Story / |
||
| 260 |
_bScholastic, _c2005. _aUSA : |
||
| 300 |
_a196 p. : _bill. ; _c20 cm. |
||
| 440 |
_v1 _931174 |
||
| 521 | _aG5 | ||
| 526 | _c760 | ||
| 942 |
_cBK _2lcc |
||
| 999 |
_c41102 _d41102 |
||